[Event "Mittelrhein Verbandsliga-M 16/17"]
[Site "Nordrheinwestfalen"]
[Date "2017.02.19"]
[Round "8.8"]
[White "Liwerant, Igor"]
[Black "Decker, Andreas"]
[Result "0-1"]
[WhiteElo "1797"]
[BlackElo "1764"]
[PlyCount "75"]
[EventDate "2016.09.11"]
[EventType "team-tourn"]
[EventRounds "11"]
[EventCountry "GER"]
[SourceTitle "EXT 2022"]
[Source "ChessBase"]
[SourceDate "2021.10.06"]
[SourceVersion "1"]
[SourceVersionDate "2021.10.06"]
[SourceQuality "1"]
[WhiteTeam "Porz SG V"]
[BlackTeam "Koeln Muelheim"]
[WhiteTeamCountry "GER"]
[BlackTeamCountry "GER"]

1. d4 Nf6 2. Nf3 d5 3. e3 Bf5 4. Bd3 Ne4 5. Nh4 e6 6. Nxf5 exf5 7. 0-0 Nd7 8. f3 Nd6 9. Nc3 Nf6 10. Re1 Be7 11. e4 fxe4 12. fxe4 dxe4 13. Nxe4 Nfxe4 14. Bxe4 Nxe4 15. Rxe4 0-0 16. Qf3 c6 17. Be3 f5 18. Re5 g6 19. Rd1 Bd6 20. Re6 Qd7 21. d5 b6 22. Bg5 Rf7 23. Kf1 c5 24. Qb3 Rc8 25. Rde1 c4 26. Qf3 b5 27. Rxd6 Qxd6 28. Re6 Qd7 29. Qe3 Qxd5 30. Qe2 Rd7 31. Ke1 Qd4 32. Re8+ Rxe8 33. Qxe8+ Kg7 34. Be3 Qd1+ 35. Kf2 Qxc2+ 36. Kg3 Qd3 37. Qe5+ Kf7 38. Kf2 0-1

[Event "GER-chT U16"]
[Site "Berlin"]
[Date "2005.12.28"]
[Round "4.2"]
[White "Weber, Raphael"]
[Black "Liwerant, Igor"]
[Result "0-1"]
[WhiteElo "1635"]
[BlackElo "1466"]
[PlyCount "106"]
[EventDate "2005.12.27"]
[EventType "team-swiss"]
[EventRounds "7"]
[EventCountry "GER"]
[SourceTitle "EXT 2022"]
[Source "ChessBase"]
[SourceDate "2021.10.06"]
[SourceVersion "1"]
[SourceVersionDate "2021.10.06"]
[SourceQuality "1"]
[WhiteTeam "Ettlingen U16"]
[BlackTeam "Porz SG U16"]
[WhiteTeamCountry "GER"]
[BlackTeamCountry "GER"]

1. e4 e5 2. Nf3 Nc6 3. Bc4 Bc5 4. c3 Nf6 5. d4 exd4 6. cxd4 Bb4+ 7. Nc3 Nxe4 8. 0-0 0-0 9. Nxe4 d5 10. Neg5 dxc4 11. Nxh7 Kxh7 12. Ng5+ Kg8 13. Qh5 Bf5 14. Rd1 Bg6 15. Qg4 Qc8 16. Qg3 Bd6 17. Qc3 Qg4 18. Be3 Bd3 19. b3 Be2 20. Rdc1 Bb4 21. Qb2 Be7 22. f3 Qh5 23. Nh3 Bxf3 24. Nf4 Qg4 25. Rf1 Be4 26. d5 Bf6 27. h3 Qg3 28. Qd2 Bxa1 29. Rxa1 Ne5 30. Kf1 Bd3+ 31. Nxd3 Nxd3 32. bxc4 Rfe8 33. Qxd3 Qxe3 34. Qd1 Qf4+ 35. Kg1 Qxc4 36. Rc1 Qxa2 37. Rxc7 Re2 38. Qf1 f6 39. d6 Qa6 40. Qf4 Re1+ 41. Kh2 Qf1 42. Qd4 Rd1 43. Qe3 Qh1+ 44. Kg3 Qe1+ 45. Qxe1 Rxe1 46. d7 Rf8 47. Rxb7 a5 48. Ra7 Rd1 49. Rxa5 Rxd7 50. Kf4 Rfd8 51. g4 Rd3 52. Ra7 g6 53. Re7 R8d4+ 0-1

[Event "GER-chT U16"]
[Site "Berlin"]
[Date "2005.12.27"]
[Round "1.2"]
[White "Liwerant, Igor"]
[Black "Steinbach, Ulrich"]
[Result "0-1"]
[WhiteElo "1466"]
[BlackElo "1673"]
[PlyCount "94"]
[EventDate "2005.12.27"]
[EventType "team-swiss"]
[EventRounds "7"]
[EventCountry "GER"]
[SourceTitle "EXT 2022"]
[Source "ChessBase"]
[SourceDate "2021.10.06"]
[SourceVersion "1"]
[SourceVersionDate "2021.10.06"]
[SourceQuality "1"]
[WhiteTeam "Porz SG U16"]
[BlackTeam "Koeln Muelheim U16"]
[WhiteTeamCountry "GER"]
[BlackTeamCountry "GER"]

1. e4 c5 2. Nf3 d6 3. d4 cxd4 4. Nxd4 Nf6 5. Nc3 e6 6. Be3 Be7 7. Be2 0-0 8. 0-0 a6 9. f4 Qc7 10. f5 e5 11. Nb3 b5 12. a3 Bb7 13. Nd5 Nxd5 14. exd5 Nd7 15. Rc1 Nb6 16. Bxb6 Qxb6+ 17. Kh1 Bg5 18. Rb1 Rac8 19. Bh5 a5 20. Qg4 Bf6 21. Qe4 a4 22. Nd2 Qc5 23. c3 Bxd5 24. Qg4 Qe3 25. Nf3 Rc4 26. Qg3 Qf4 27. Qh3 g6 28. fxg6 fxg6 29. Rbd1 Bb7 30. Qe6+ Kg7 31. Rxd6 Bc8 32. Qd5 gxh5 33. Nd2 Rd4 34. cxd4 Qxd2 35. Qxb5 exd4 36. Qb6 Be7 37. Rg1 Bxd6 38. Qxd6 Bb7 39. Qe5+ Kg6 40. Qe6+ Rf6 41. Qg8+ Kh6 42. h3 Qf4 43. Qd8 Rg6 44. Re1 Bxg2+ 45. Kg1 Bxh3+ 46. Kh1 Qf3+ 47. Kh2 Qg2# 0-1